00481nam a22001577a 450000500170000000800410001702000180005804100130007608200150008910000130010424500910011725000170020826000440022530000290026965000250029820231213061943.0231213b |||||||| |||| 00| 0 eng d a9780639013008 aEnglish  a343.4 EXP  lEnglish  aExpatriate Tax : South African Citizens Working Abroad and Foreigners in South Africa  a2nd Edition  aDurban : bLexisNexis (Pty) Ltd, c2019 bxi, 880 pages ;c25 cm.  aLegal practice bLaw